Coastal flood risk (Record no. 106124)
[ view plain ]
| 000 -LEADER | |
|---|---|
| fixed length control field | 01477cam a2200229 4500 |
| 001 - CONTROL NUMBER | |
| control field | ##L135638 |
| 008 - FIXED-LENGTH DATA ELEMENTS--GENERAL INFORMATION | |
| fixed length control field | 061121n2006 000 0 eng u |
| 020 ## - INTERNATIONAL STANDARD BOOK NUMBER | |
| International Standard Book Number | 1903193311 |
| -- | 97811903193311 |
| 035 ## - SYSTEM CONTROL NUMBER | |
| System control number | (Sirsi) u135638 |
| 041 0# - LANGUAGE CODE | |
| Language code of text/sound track or separate title | eng |
| 050 04 - LIBRARY OF CONGRESS CALL NUMBER | |
| Classification number | 627.4 $2 18 |
| 110 2# - MAIN ENTRY--CORPORATE NAME | |
| Corporate name or jurisdiction name as entry element | Association of British Insurers |
| 9 (RLIN) | 3272 |
| 245 00 - TITLE STATEMENT | |
| Title | Coastal flood risk |
| Remainder of title | thinking for today, acting for tomorrow summary report |
| Medium | [electronic resource] |
| 260 ## - PUBLICATION, DISTRIBUTION, ETC. | |
| Place of publication, distribution, etc. | London |
| Name of publisher, distributor, etc. | ABI |
| Date of publication, distribution, etc. | 2006 |
| 520 ## - SUMMARY, ETC. | |
| Summary, etc. | Examines the effects of rising sea levels on flood risk and highlights the need for more spending on coastal flood defences in eastern England. Focuses on five case studies: Kingston-upon-Hull, Great Yarmouth and Lowestoft, Canvey Island and Southend, East London, and Hastings. Concludes that a 40cm rise in sea levels will put an extra 130 000 properties at risk of flooding, with a total of 400 000 properties at risk, nearly 50% up on the current number. Recommends a long term flood management strategy looking at funding needs 25-30 years ahead, and an extra £8bn to be spent on improving coastal defences along the east coast. |
| 590 ## - LOCAL NOTE (RLIN) | |
| Local note | KA |
| 651 #4 - SUBJECT ADDED ENTRY--GEOGRAPHIC NAME | |
| Geographic name | EAST COAST OF ENGLAND |
| 690 ## - LOCAL SUBJECT ADDED ENTRY--TOPICAL TERM (OCLC, RLIN) | |
| Topical term or geographic name as entry element | ENVIRONMENTAL AND LAND CONSULTANCY-WATER RESOURCE MANAGEMENT-FLOODING |
| 710 2# - ADDED ENTRY--CORPORATE NAME | |
| Corporate name or jurisdiction name as entry element | Entec UK |
| 856 40 - ELECTRONIC LOCATION AND ACCESS | |
| Uniform Resource Identifier | <a href="https://www.abi.org.uk/Publications/ABI_Publications_Coastal_Flood_Risk__Thinking_for_Tomorrow_Acting_Today_fa6.aspx">https://www.abi.org.uk/Publications/ABI_Publications_Coastal_Flood_Risk__Thinking_for_Tomorrow_Acting_Today_fa6.aspx</a> |
| Public note | View the report free of charge at www.abi.org.uk |
| 942 ## - ADDED ENTRY ELEMENTS (KOHA) | |
| Suppress in OPAC | 0 |
| Withdrawn status | Lost status | Source of classification or shelving scheme | Damaged status | Not for loan | Home library | Current library | Shelving location | Date acquired | Total Checkouts | Full call number | Barcode | Date last seen | Copy number | Price effective from | Koha item type |
|---|---|---|---|---|---|---|---|---|---|---|---|---|---|---|---|
| Dewey Decimal Classification | Virtual | Virtual | Online | 21/11/2006 | ONLINE PUBLICATION | 135638-2001 | 06/08/2019 | 1 | 06/08/2019 | Book |